| 000 | 00734 a2200193 4500 | ||
|---|---|---|---|
| 000 | BKB | ||
| 001 | 133143 | ||
| 005 | 20200902152049.0 | ||
| 008 | |||
| 020 | _a9789810236052 | ||
| 082 |
_a332.60151923 _bS67E |
||
| 100 | 1 | _aShiryaev, Albert N. | |
| 245 | 1 |
_aEssentials of stochastic finance : facts, models, theory _cby Albert N. Shiryaev; translated from the Russian by N. Kruzhin |
|
| 260 |
_aSingapore _bWorld Scientific _c2012 |
||
| 300 | _a834 p. | ||
| 490 |
_aAdvanced series on statistical science & applied probability; no.3 _v |
||
| 690 | _aStatistical decision; Stochastic processes; Financial engineering; Investments-Mathematics | ||
| 700 |
_aKruzhin, N. trnslator _b _c |
||
| 999 |
_c7467 _d7467 |
||